[Event "HUN-chT2 Erkel 1011"]
[Site "Hungary"]
[Date "2011.04.10"]
[Round "8.10"]
[White "Gaspar, Imre"]
[Black "Lengyel, Istvan"]
[Result "0-1"]
[WhiteElo "2004"]
[BlackElo "1997"]
[PlyCount "38"]
[EventDate "2010.09.12"]
[EventType "team-tourn"]
[EventRounds "11"]
[EventCountry "HUN"]
[SourceTitle "EXT 2012"]
[Source "ChessBase"]
[SourceDate "2011.11.24"]
[SourceVersion "1"]
[SourceVersionDate "2011.11.24"]
[SourceQuality "1"]
[WhiteTeam "Jaszbereny"]
[BlackTeam "Paszto"]
[WhiteTeamCountry "HUN"]
[BlackTeamCountry "HUN"]

1. d4 e6 2. c4 c5 3. d5 exd5 4. cxd5 d6 5. Nc3 g6 6. Nf3 Bg7 7. Nd2 Nf6 8. e4 a6 9. a4 0-0 10. Bd3 Nbd7 11. Nc4 Nb6 12. 0-0 Nxc4 13. Bxc4 Re8 14. Qc2 Ng4 15. h3 Ne5 16. Ne2 Qh4 17. Nf4 g5 18. g3 Qh6 19. Kg2 gxf4 0-1

[Event "HUN-chT2 Erkel 0910"]
[Site "Hungary"]
[Date "2009.12.06"]
[Round "3.10"]
[White "Gaspar, Imre"]
[Black "Vereb, Bela"]
[Result "1-0"]
[WhiteElo "1999"]
[BlackElo "1850"]
[PlyCount "61"]
[EventDate "2009.11.08"]
[EventType "team-tourn"]
[EventRounds "11"]
[EventCountry "HUN"]
[SourceTitle "EXT 2011"]
[Source "ChessBase"]
[SourceDate "2010.11.26"]
[SourceVersion "1"]
[SourceVersionDate "2010.11.26"]
[SourceQuality "1"]
[WhiteTeam "Jaszbereny"]
[BlackTeam "Godollo"]
[WhiteTeamCountry "HUN"]
[BlackTeamCountry "HUN"]

1. d4 d5 2. c4 c6 3. Nc3 Nf6 4. Nf3 g6 5. e3 Bg7 6. Be2 dxc4 7. a4 Nbd7 8. 0-0 Nb6 9. a5 Nbd5 10. Bxc4 Nxc3 11. bxc3 0-0 12. Ba3 Ne4 13. Qc1 Re8 14. Nd2 Nd6 15. Bd3 Nb5 16. Bb2 e5 17. Qc2 Be6 18. Ne4 exd4 19. cxd4 Bf5 20. Nc5 Bxd3 21. Nxd3 Rc8 22. Qb3 a6 23. Nc5 Rc7 24. Rfd1 Qd5 25. Qxd5 cxd5 26. Ba3 Rf8 27. Bb4 Rfc8 28. f3 Re8 29. Kf2 f5 30. Rd3 Kf7 31. Ra2 1-0

[Event "HUN-chT2 Erkel 0809"]
[Site "Hungary"]
[Date "2009.04.19"]
[Round "11.10"]
[White "Gaspar, Imre"]
[Black "Bajnoczi, Peter"]
[Result "1/2-1/2"]
[WhiteElo "1916"]
[BlackElo "1936"]
[PlyCount "41"]
[EventDate "2008.10.26"]
[EventType "tourn"]
[EventRounds "11"]
[EventCountry "HUN"]
[SourceTitle "EXT 2010"]
[Source "ChessBase"]
[SourceDate "2010.11.25"]
[SourceVersion "1"]
[SourceVersionDate "2010.11.25"]
[SourceQuality "1"]
[WhiteTeam "Keviterv"]
[BlackTeam "Godollo"]
[WhiteTeamCountry "HUN"]
[BlackTeamCountry "HUN"]

1. d4 Nf6 2. c4 e6 3. Nc3 Bb4 4. a3 Bxc3+ 5. bxc3 b6 6. Nf3 Ba6 7. e3 d5 8. Ne5 dxc4 9. a4 Qd5 10. Be2 0-0 11. Bf3 Ne4 12. Qc2 Bb7 13. 0-0 f5 14. Ba3 Re8 15. Rfb1 a6 16. Bxe4 Qxe4 17. Qxe4 Bxe4 18. Rb5 Bd5 19. Rbb1 a5 20. Rb2 Nc6 21. Rd2 1/2-1/2

[Event "HUN-chT2 Erkel 0809"]
[Site "Hungary"]
[Date "2009.02.22"]
[Round "8.9"]
[White "Gaspar, Imre"]
[Black "Rozsa, Sandor"]
[Result "1-0"]
[WhiteElo "1916"]
[BlackElo "2118"]
[PlyCount "65"]
[EventDate "2008.10.26"]
[EventType "tourn"]
[EventRounds "11"]
[EventCountry "HUN"]
[SourceTitle "EXT 2010"]
[Source "ChessBase"]
[SourceDate "2010.11.25"]
[SourceVersion "1"]
[SourceVersionDate "2010.11.25"]
[SourceQuality "1"]
[WhiteTeam "Keviterv"]
[BlackTeam "HASE II"]
[WhiteTeamCountry "HUN"]
[BlackTeamCountry "HUN"]

1. d4 Nf6 2. c4 g6 3. f3 Bg7 4. Nc3 d6 5. e4 e5 6. dxe5 dxe5 7. Qxd8+ Kxd8 8. Bg5 c6 9. 0-0-0+ Kc7 10. h4 Nbd7 11. Nh3 Nh5 12. Be7 Bf8 13. Bxf8 Rxf8 14. g4 Ng3 15. Rh2 Nxf1 16. Rxf1 Nc5 17. Rd2 a5 18. a4 Nb3+ 19. Kc2 Nxd2 20. Kxd2 Be6 21. b3 Rad8+ 22. Ke3 f6 23. Nf2 Rf7 24. f4 exf4+ 25. Kxf4 g5+ 26. Kg3 h5 27. hxg5 hxg4 28. g6 Rg7 29. Ne2 Re8 30. Nf4 f5 31. Nxe6+ Rxe6 32. exf5 Rf6 33. Kxg4 1-0

[Event "HUN-chT2 Erkel 0809"]
[Site "Hungary"]
[Date "2009.01.11"]
[Round "5.9"]
[White "Zeman, Adrienn"]
[Black "Gaspar, Imre"]
[Result "1-0"]
[WhiteElo "1998"]
[BlackElo "1916"]
[PlyCount "117"]
[EventDate "2008.10.26"]
[EventType "tourn"]
[EventRounds "11"]
[EventCountry "HUN"]
[SourceTitle "EXT 2010"]
[Source "ChessBase"]
[SourceDate "2010.11.25"]
[SourceVersion "1"]
[SourceVersionDate "2010.11.25"]
[SourceQuality "1"]
[WhiteTeam "Keviterv"]
[BlackTeam "MAFC"]
[WhiteTeamCountry "HUN"]
[BlackTeamCountry "HUN"]

1. Nf3 d5 2. d4 e6 3. c4 Nf6 4. Nc3 Be7 5. g3 b6 6. Bg2 Bb7 7. cxd5 Nxd5 8. Nxd5 Bxd5 9. 0-0 Nd7 10. Qd3 0-0 11. e4 Bb7 12. Rd1 Nf6 13. Ne5 Nd7 14. Ng4 Qc8 15. Ne3 Rd8 16. b3 c5 17. d5 Ne5 18. Qc2 exd5 19. Nxd5 Bf8 20. Bb2 f6 21. f4 Ng4 22. Re1 Bxd5 23. exd5 Rb8 24. Be4 g6 25. h3 Nh6 26. Kg2 Rd6 27. Re2 Rb7 28. Rae1 Re7 29. Bd3 Rxe2+ 30. Qxe2 Nf7 31. Bc4 Qd8 32. h4 a6 33. a4 b5 34. axb5 axb5 35. Bxb5 Rxd5 36. Bc3 Rd6 37. Bc4 Qa8+ 38. Kh2 Kg7 39. f5 Qc8 40. Be6 Qd8 41. fxg6 hxg6 42. Qf3 Nh6 43. Qb7+ Be7 44. Qe4 Rd3 45. h5 gxh5 46. Ba1 Qd6 47. Re3 Rd2+ 48. Kh3 Rd1 49. Bc3 Bd8 50. Bc4 Qd7+ 51. Be6 Qd6 52. Qb7+ Qc7 53. Qf3 Rd6 54. Qxh5 Qc6 55. Qg5+ Kh7 56. Bf5+ Nxf5 57. Qxf5+ Kg7 58. Re4 Kf8 59. Kh2 1-0

[Event "HUN-chT2 Erkel 0809"]
[Site "Hungary"]
[Date "2008.12.21"]
[Round "4.10"]
[White "Gaspar, Imre"]
[Black "Piroska, Istvan"]
[Result "0-1"]
[WhiteElo "1916"]
[BlackElo "2121"]
[PlyCount "66"]
[EventDate "2008.10.26"]
[EventType "tourn"]
[EventRounds "11"]
[EventCountry "HUN"]
[SourceTitle "EXT 2010"]
[Source "ChessBase"]
[SourceDate "2010.11.25"]
[SourceVersion "1"]
[SourceVersionDate "2010.11.25"]
[SourceQuality "1"]
[WhiteTeam "Keviterv"]
[BlackTeam "PSE II"]
[WhiteTeamCountry "HUN"]
[BlackTeamCountry "HUN"]

1. Nf3 Nf6 2. d4 d5 3. g3 e6 4. Bg2 Be7 5. 0-0 0-0 6. Bg5 Nbd7 7. Nbd2 b6 8. c3 Bb7 9. a4 c5 10. Qc2 Rc8 11. Rfc1 h6 12. Bxf6 Bxf6 13. e3 Re8 14. a5 b5 15. a6 Ba8 16. dxc5 Nxc5 17. Nb3 Qb6 18. Nxc5 Rxc5 19. Qd2 Rec8 20. Nd4 Rc4 21. Bf1 e5 22. b3 exd4 23. bxc4 dxc3 24. Qe2 dxc4 25. Bh3 Rd8 26. Rd1 Rxd1+ 27. Rxd1 Qc6 28. e4 Qxe4 29. Qxe4 Bxe4 30. Re1 c2 31. f3 Bc3 32. Rc1 Bd2 33. Ra1 Bd3 0-1